Model answers in inorganic chemistry for A-level and ordinary national certificate students /

Bibliographic Details
Main Author: Buckley, J. A.
Other Authors: Elmer, F. W.
Format: Book
Language:English
Published: Oxford, New York : Pergamon Press, [1967]
Edition:[1st ed.].
Series:Commonwealth and international library.
Subjects:

MARC

Tag First Indicator Second Indicator Subfields
LEADER 00000cam a22000001 4500
001 in00000040079
005 20151007070517.0
008 740606s1967 enk 00010 eng
010 |a  67024305  
035 |a (OCoLC)00542325 
035 |9 AAE4162AM 
040 |a DLC  |c DLC  |d TXA  |d UtOrBLW 
049 |a TXAM  |c [474487] 
050 0 0 |a QD42  |b .B798 1967 
082 0 |a 546/.076 
092 |a 546.076  |b B924m, 1967 
100 1 |a Buckley, J. A. 
245 1 0 |a Model answers in inorganic chemistry for A-level and ordinary national certificate students /  |c by J. A. Buckley and F. W. Elmer. 
250 |a [1st ed.]. 
264 1 |a Oxford,  |a New York :  |b Pergamon Press,  |c [1967] 
300 |a xi, 113 pages ;  |c 20 cm. 
336 |a text  |b txt  |2 rdacontent 
337 |a unmediated  |b n  |2 rdamedia 
338 |a volume  |b nc  |2 rdacarrier 
490 1 |a The Commonwealth and international library. Commonwealth series of model answers 
650 0 |a Chemistry, Inorganic  |x Examinations, questions, etc. 
700 1 |a Elmer, F. W. 
830 0 |a Commonwealth and international library. 
999 |a MARS 
999 f f |s 339fc1e3-3b93-353b-affd-91afe4433613  |i a84d5776-247b-38c7-812c-ab18e726fde3  |t 0 
952 f f |p ric  |a Texas A&M University  |b Rellis Campus  |c Joint Library Facility  |d Remote Storage  |t 0  |e QD42 .B798 1967  |h Library of Congress classification  |i unmediated -- volume  |m A14800941758 
998 f f |a QD42 .B798 1967  |t 0  |l Remote Storage